[Event "Lipetsk King's Gambit op-C"]
[Site "Lipetsk"]
[Date "2007.07.02"]
[Round "9"]
[White "Geranichev, Mikhail"]
[Black "Morozyuk, Kirill"]
[Result "0-1"]
[WhiteElo "1647"]
[BlackElo "2037"]
[PlyCount "66"]
[EventDate "2007.06.22"]
[EventType "swiss"]
[EventRounds "9"]
[EventCountry "RUS"]
[SourceTitle "EXT 2022"]
[Source "ChessBase"]
[SourceDate "2021.10.06"]
[SourceVersion "1"]
[SourceVersionDate "2021.10.06"]
[SourceQuality "1"]

1. e4 e5 2. Nf3 Nc6 3. d4 exd4 4. Nxd4 Nf6 5. Nxc6 bxc6 6. Bd3 Bc5 7. 0-0 Qe7 8. Nd2 0-0 9. Kh1 d5 10. exd5 cxd5 11. Nb3 Bd6 12. f3 Nh5 13. Qe1 Qf6 14. g4 c5 15. g5 Qd8 16. Qh4 g6 17. Be2 Re8 18. Bb5 Re5 19. Re1 Qb6 20. Bf1 c4 21. Nd2 Bb7 22. Rxe5 Bxe5 23. Bg2 Nf4 24. Nf1 Ne2 25. Be3 d4 26. Qf2 Qxb2 27. Rd1 Qxc2 28. Rd2 dxe3 29. Qxe3 Qc3 30. Qxe2 Bf4 31. Rd7 Bc6 32. Re7 Qd3 33. Ng3 Rb8 0-1

[Event "Lipetsk King's Gambit op-C"]
[Site "Lipetsk"]
[Date "2007.06.28"]
[Round "7"]
[White "Morozyuk, Kirill"]
[Black "Chesnokov, Vladimir"]
[Result "1-0"]
[WhiteElo "2037"]
[BlackElo "2035"]
[PlyCount "54"]
[EventDate "2007.06.22"]
[EventType "swiss"]
[EventRounds "9"]
[EventCountry "RUS"]
[SourceTitle "EXT 2022"]
[Source "ChessBase"]
[SourceDate "2021.10.06"]
[SourceVersion "1"]
[SourceVersionDate "2021.10.06"]
[SourceQuality "1"]

1. d4 f5 2. g4 fxg4 3. h3 d5 4. Qd3 Nf6 5. Bg2 Nc6 6. hxg4 Bxg4 7. Nh3 Qd7 8. c3 0-0-0 9. f3 Bf5 10. e4 dxe4 11. fxe4 Bxh3 12. Bxh3 e6 13. Bf4 Kb8 14. Qe2 Qf7 15. Nd2 Nh5 16. Bxe6 Qxe6 17. Rxh5 g6 18. Rh2 Qe8 19. 0-0-0 Qf7 20. Rf1 Qxa2 21. d5 Qa1+ 22. Kc2 Qa4+ 23. Kb1 Na5 24. Be5 Bd6 25. Bxh8 Rxh8 26. Rhh1 b5 27. Rf7 h5 1-0

[Event "Korolev-ch"]
[Site "Korolev"]
[Date "2002.??.??"]
[Round "6"]
[White "Kemenov, Valery"]
[Black "Morozyuk, Kirill"]
[Result "1/2-1/2"]
[WhiteElo "2074"]
[BlackElo "2067"]
[PlyCount "125"]
[EventDate "2002.??.??"]
[EventType "swiss"]
[EventRounds "9"]
[EventCountry "RUS"]
[SourceTitle "EXT 2010"]
[Source "ChessBase"]
[SourceDate "2010.11.25"]
[SourceVersion "1"]
[SourceVersionDate "2010.11.25"]
[SourceQuality "1"]

1. e4 e5 2. Bc4 Nf6 3. d3 Bc5 4. Nf3 Nc6 5. 0-0 d6 6. h3 Be6 7. Nbd2 Qd7 8. Ng5 0-0-0 9. c3 h6 10. Nxe6 fxe6 11. b4 Bb6 12. a4 a5 13. Qb3 d5 14. exd5 exd5 15. Bb5 Qd6 16. Ba3 h5 17. Bxc6 Qxc6 18. c4 axb4 19. Bxb4 g5 20. a5 Bd4 21. Rab1 Rdg8 22. Be7 dxc4 23. Nxc4 Nd5 24. Rfc1 Nc3 25. Rxc3 Bxc3 26. Qxc3 h4 27. Qxe5 g4 28. Qf5+ Kb8 29. Ne5 Qc2 30. Nd7+ Ka8 31. Qb5 Qc6 32. Qxc6 bxc6 33. hxg4 Rxg4 34. Ne5 Rgg8 35. Nxc6 h3 36. g3 h2+ 37. Kg2 Rg6 38. Nd4 Rh7 39. Bc5 Rh5 40. Bb4 c5 41. Bxc5 Rxc5 42. Kxh2 Rxa5 43. Nf3 Rf6 44. Nh4 Rxf2+ 45. Kh3 Rd2 46. Rb3 Rd5 47. Kg4 R2xd3 48. Rxd3 Rxd3 49. Nf3 Kb7 50. Kf4 Rd8 51. g4 Rf8+ 52. Ke4 Kc7 53. Nd4 Rf1 54. Ke5 Kd7 55. Nf5 Rg1 56. Nh6 Ke7 57. Kf5 Kf8 58. Kg6 Ra1 59. g5 Ra6+ 60. Kh7 Ra5 61. g6 Rg5 62. Nf7 Rxg6 63. Kxg6 1/2-1/2